000 00604nam a2200217Ia 4500
003 OSt
005 20220923211626.0
006 a|||||r|||| 00| 0
007 ta
008 220922b |||||||| |||| 00| 0 san d
024 _a26,152
037 _cTextual
040 _aARTS
_cARTS
_bsan
041 _2san
_asan
082 _aQ12:21, 15L3.1.3
245 0 _aदयानन्द यजुर्वेदभाष्य भास्कर
246 _aDayānanda yajurvedabhāṣhya bhāskara
260 _c1973
942 _hQ12:21, 15L3.1.3
_cTEXL
_2CC
999 _c301651
_d301651